01028 2200325 4500001002100000005001500021035002000036007000300056008004100059020002200100040002200122082001200144084001400156090002200170100004200192245011300234250003600347300004000383650001400423700003100437700003300468850001200501504002800513264004300541336002100584337003000605338002300635999002200658990002200680INLIS00000000086767420220207020243 a0010-0222000141ta220207s2021 yoia g 0 ind d a978-623-7514-38-1 aYOPDYOGbinderda04223a657 a657 ADH a aCB-D.11 2021-14000 aAdhelia Desi Prawestrid1992epenulis10aAkuntansi keuangan menengah /cpenulis, Adhelia Desi Prawestri; penyunting, Siti Zoebaidha, Agus Budi Basuki aCetakan pertama, September 2021 aviii, 220 halaman :btabel ;c23 cm 4aAkuntansi0 aSiti Zoebaidhaepenyunting0 aAgus Budi Basukiepenyunting aYOPDYOG aBibliografi halaman 22031aSleman :bLintang Pustaka Utama,c2021 2rdacontentateks 2rdamediaatanpa perantara 2rdacarrieravolume aCB-D.11/2021-1400 aCB-D.11/2021-1400